Pivo Co si dát příště. Průvodce pivními styly.
Saved in:
| Main Author | |
|---|---|
| Format | Electronic eBook |
| Language | Czech |
| Published |
Volvox Globator
2015
|
| Edition | 1. elektronické vydání |
| Subjects | |
| Online Access | Dostupné v BOOKPORT po přihlášení pomocí eduID |
| ISBN | 978-80-7511-192-0 978-80-7511-191-3 |
| Physical Description | 1 online zdroj (250 stran) |
Cover
| LEADER | 00000nam a2200000 i 4500 | ||
|---|---|---|---|
| 001 | bkp709500393 | ||
| 003 | CZ-prgp | ||
| 005 | 20210416174646.0 | ||
| 006 | m o d | ||
| 007 | cr cn | ||
| 008 | 210416s2015 xr o 000 0 cze | ||
| 020 | |a 978-80-7511-192-0 |c 249 Kč |q (online ; pdf) | ||
| 020 | |a 978-80-7511-191-3 |c 438 Kč |q (print) | ||
| 040 | |a Grada |b cze |e rda | ||
| 100 | 1 | |a Larson, Michael | |
| 245 | 1 | 0 | |a Pivo |b Co si dát příště. Průvodce pivními styly. |c Michael Larson |
| 250 | |a 1. elektronické vydání | ||
| 264 | 1 | |b Volvox Globator |c 2015 | |
| 300 | |a 1 online zdroj (250 stran) | ||
| 336 | |a text |b txt |2 rdacontent | ||
| 337 | |a počítač |b c |2 rdamedia | ||
| 338 | |a online zdroj |b cr |2 rdacarrier | ||
| 520 | 3 | |a V posledních letech dochází nejen v České republice k nebývalému rozmachu malých řemeslných pivovarů a s rostoucím zájmem o pivo přichází neuvěřitelná záplava komentářů, knih, článků, časopisů a internetových stránek. Všechna tato média se trumfují, která z nich vás - obyčejného milovníka piva - nejlépe přesvědčí, abyste si v nich listovali nebo jimi brouzdali na internetu. Naše kniha je postavena na poněkud zjednodušeném, byť seriózním postoji. Chce svého čtenáře informovat, ne však zahltit. Je spíše průvodcem, který se nesnaží za každou cenu pochlebovat. Svými řádky zaplňuje pečlivě a zároveň výstižně určité vakuum informací týkající se nepřeberného množství pivních stylů z celého světa. Na úvodních stránkách knihy naleznete speciální tabulku, ve které je podle země původu seřazena devadesátka pivních stylů. Tato Pivní výběropedie vám pomůže se snadnou orientací a díky ní si budete moci najít své další pivo: belgická pšeničná piva, německé ležáky, aley z Velké Británie a Irska, piva americká i vybrané unikátní pivní hybridy - vzrušující nové kreace, které se vymykají tradičním kategoriím. | |
| 650 | 0 | 4 | |a Řemesla |
| 856 | 4 | 0 | |u https://www.bookport.cz/AccountSaml/SignIn/?idp=https://shibboleth.utb.cz/idp/shibboleth&returnUrl=/kniha/pivo-7681/ |y Dostupné v BOOKPORT po přihlášení pomocí eduID |